000 00426nam a2200133Ia 4500
008 260210s9999 xx 000 0 und d
024 _a99B-06-BS5 & 99B-42-BS5
082 _a658.8102072 AZF
100 _aAzfar Ashafaq & Nasir Moosa
245 0 _aSmart Sales Manager: wireless sales force automation
260 _aKarachi:
_bUITU,
_c1999
600 _aComputer Science
650 _aBachelor of Computer Science (BS)
999 _c31739
_d31739